| 000 | 01994nam a2200349 a 4500 | ||
|---|---|---|---|
| 999 |
_c12676 _d12676 |
||
| 001 | 12676 | ||
| 003 | BD-JhCC | ||
| 005 | 20221117085631.0 | ||
| 008 | 221117s2019 nyu 000 1 eng d | ||
| 020 | _a9781250209115 | ||
| 020 | _z9781250209108 | ||
| 035 | _a(BD-JhCC)12676 | ||
| 040 |
_aYDX _cYDX _erda _dBDX _dUKMGB _dOCLCO _dOCLCF _dJSE _dOCLCO _dGO6 _dUAP _dNZAUC _dOCLCQ _dILC _dDLC _dBD-JhCC |
||
| 041 | _aeng | ||
| 050 | 0 | 0 |
_aPR9420.9.H675 _bG87 2019 |
| 082 | 0 | 4 |
_a823/.92 _223 _bHOS 2019 |
| 100 | 1 | _aHossain, Saad Z., | |
| 245 | 1 | 4 |
_aThe gurkha and the Lord of Tuesday / _cSaad Z. Hossain. |
| 250 | _aFirst edition. | ||
| 260 |
_aNew York : _bA Tom Doherty Associates Book, _c2019 |
||
| 300 |
_a167 pages ; _c21 cm |
||
| 500 | _a"A Tor.com." | ||
| 520 | _a"When the djinn king Melek Ahmar wakes up after millennia of imprisoned slumber, the world is vastly different from what he remembers. Arrogant and bombastic, he comes down the mountain expecting an easy conquest: the wealthy, spectacular city-state of Kathmandu, ruled by the all-knowing, all-seeing tyrant Al Karma. To his surprise, he finds that Kathmandu is a cut-price paradise, where citizens want for nothing and even the dregs of society are distinctly unwilling to revolt. Everyone seems happy, except for the old Gurkha soldier Bhan Gurung. Knife saint, recidivist, and mass murderer, he is an exile from Kathmandu, pursuing a forty-year-old vendetta that leads to the very heart of Karma. Pushed and prodded by Gurung, Melek Ahmar finds himself in ever deeper conflicts until they finally face off against Karma and her forces. In the upheaval that follows, old crimes come to light and the city itself may be forced to change forever."-- | ||
| 650 | 0 |
_aJinn _vFiction. |
|
| 650 | 0 |
_aMagic _vFiction. |
|
| 651 | 0 |
_aKathmandu (Nepal) _vFiction. |
|
| 655 | 7 |
_aFantasy fiction. _2fast |
|
| 655 | 7 |
_aFantasy fiction. _2gsafd |
|
| 655 | 7 |
_aFantasy fiction. _2lcgft |
|
| 655 | 7 |
_aNovellas. _2lcgft |
|
| 942 |
_2ddc _cBK |
||